Forestry and Forest Products Research 1993 : Proceedings of conference 1 - 2 November 1993

Bibliographic Details
Corporate Authors: CONFERENCE on Forestry and Forest Products Research, Institut Penyelidikan Perhutanan Malaysia (FRIM)
Other Authors: Appanah
Format: Book
Published: Kuala Lumpur : FRIM , 1994
Subjects:

MARC

LEADER 00000cam a2200000 7i4500
001 0000000271
005 20020417.0
020 0 0 |a 9839592289 
090 0 0 |a 634.90720595   |b CON 1994 
110 1 0 |a CONFERENCE on Forestry and Forest Products Research   |k 1993 
245 1 0 |a Forestry and Forest Products Research 1993 :   |b Proceedings of conference 1 - 2 November 1993   |c editors, S. Appanah ... [et.al] 
260 0 0 |a Kuala Lumpur :   |b FRIM ,   |c 1994 
300 |a 279 p. :   |b ill. ;   |c 25 cm. 
650 0 0 |a Forest management   |z Malaysia   |x Congresses 
650 0 0 |a Forest products industry   |z Malaysia   |x Congresses 
650 0 0 |a Forests and forestry   |x Research   |z Malaysia   |x Congresses 
700 0 1 |a Appanah   |h S. 
710 1 1 |a Institut Penyelidikan Perhutanan Malaysia (FRIM) 
998 |a JPSM 
999 |a 0000000539   |b Monograph   |c Open Shelf   |e Default branch 
999 |a 0000000597   |b Monograph   |c Open Shelf   |e Default branch 
999 |a 0000000962   |b Monograph   |c Open Shelf   |e Default branch 
999 |a 0000000963   |b Monograph   |c Open Shelf   |e Default branch 
999 |a 0000001448   |b Monograph   |c Open Shelf   |e Default branch